=LDR 00000nam 2200000 4500 =001 NUTBA000000000004627 =005 20140918095200.0 =006 =007 =008 =035 ##$$a 0010-091400000000660 =040 ##$$a Ind =082 ##$$a 8x2.2 =090 ##$$a 8x2.2$Hen p =100 ##$$a Hendrato =245 ##$$a Pranacitra$bRara mendut$cA. Hendrato =260 ##$$a Jakarta$bDepdikbud $c1978. =300 ##$$a 147 hlm$c21 cm. =850 ##$$a NBPNMAT =990 ##$$a 00089003 =990 ##$$a 0001/BPAP-NTB/20142014